[Event "DVM U10 2015"]
[Site "Magdeburg GER"]
[Date "2015.12.28"]
[Round "4"]
[White "Gallasch, Jonas"]
[Black "Pietsch, Julius"]
[Result "0-1"]
[Termination "normal"]
[Board "5.1"]
[WhiteElo "1401"]
[BlackElo "1344"]
[WhiteTeam "SG Porz"]
[BlackTeam "SV Roter Turm Halle 1"]
[PlyCount "76"]
[WhiteFideId "16222474"]
[BlackFideId "12985660"]
[EventCountry "GER"]
[EventRounds "7"]
[EventType "team-swiss"]
[EventDate "2015.12.27"]

1. d4 d5 2. c4 c6 3. Nf3 Bf5 4. Bf4 Qb6 5. Qd2 Nf6 6. Nc3 e6 7. e3 Ne4 8. Nxe4
dxe4 9. c5 Qd8 10. Nh4 Qxh4 11. Qb4 Qe7 12. Bd6 Qd7 13. Be2 Be7 14. h4 O-O 15.
Bxe7 Qxe7 16. g4 b6 17. gxf5 exf5 18. Qc3 bxc5 19. dxc5 Nd7 20. Rg1 Nf6 21.
O-O-O Rfd8 22. Rdf1 Rd5 23. b4 a5 24. Bc4 axb4 25. Qxb4 Qxc5 26. a3 Qxb4 27.
axb4 Rdd8 28. Rg5 Ra1+ 29. Kb2 Rxf1 30. Bxf1 Rd2+ 31. Kc3 Rxf2 32. Ba6 h6 33.
Rg1 Nd5+ 34. Kb3 Rf3 35. Rc1 Rxe3+ 36. Ka4 Rc3 37. Rd1 e3 38. Ka5 Ra3# 0-1

[Event "DVM U10 2015"]
[Site "Magdeburg GER"]
[Date "2015.12.28"]
[Round "4"]
[White "Pietsch, Johann"]
[Black "Kogan, Gabriel"]
[Result "0-1"]
[Termination "normal"]
[Board "5.2"]
[WhiteElo "1110"]
[BlackElo "1132"]
[WhiteTeam "SV Roter Turm Halle 1"]
[BlackTeam "SG Porz"]
[PlyCount "84"]
[WhiteFideId "12987000"]
[BlackFideId "16238265"]
[EventCountry "GER"]
[EventRounds "7"]
[EventType "team-swiss"]
[EventDate "2015.12.27"]

1. e4 e5 2. Nf3 Nc6 3. Bc4 Bc5 4. Nc3 Nf6 5. O-O O-O 6. d3 d6 7. Bg5 h6 8. Bh4
g5 9. Nxg5 hxg5 10. Bxg5 Be6 11. Qf3 Kg7 12. Qxf6+ Qxf6 13. Bxf6+ Kxf6 14. Bxe6
fxe6 15. Ne2 Nd4 16. Nxd4 Bxd4 17. c3 Bb6 18. g3 d5 19. exd5 exd5 20. Kg2 Ke6
21. Rae1 Rf5 22. f4 Kd6 23. fxe5+ Rxe5 24. Rf6+ Ke7 25. Rxe5+ Kxf6 26. Rxd5 Ke6
27. c4 Rf8 28. Kh3 Rf2 29. g4 Rxb2 30. g5 Rf2 31. g6 Rf8 32. Rg5 Kf6 33. Kg4
Rg8 34. h4 Rxg6 35. Rxg6+ Kxg6 36. h5+ Kg7 37. Kg5 Be3+ 38. Kg4 Kh6 39. Kf3 Bg5
40. Kg4 Be7 41. Kf4 Kxh5 42. Kf5 a5 0-1

[Event "DVM U10 2015"]
[Site "Magdeburg GER"]
[Date "2015.12.28"]
[Round "4"]
[White "Sabirov, Rafael"]
[Black "Kuppe, Eugen"]
[Result "0-1"]
[Termination "normal"]
[Board "5.3"]
[WhiteElo "1198"]
[BlackElo "933"]
[WhiteTeam "SG Porz"]
[BlackTeam "SV Roter Turm Halle 1"]
[PlyCount "128"]
[WhiteFideId "16241185"]
[EventCountry "GER"]
[EventRounds "7"]
[EventType "team-swiss"]
[EventDate "2015.12.27"]

1. e4 e5 2. Nf3 Nc6 3. Bb5 Nf6 4. Nc3 d6 5. d3 Be6 6. Bg5 Be7 7. O-O O-O 8. h3
Qd7 9. d4 a6 10. Bxc6 bxc6 11. Bxf6 Bxf6 12. d5 cxd5 13. Nxd5 Bxd5 14. Qxd5 Qb5
15. Qxb5 axb5 16. a3 Ra7 17. Rac1 Rd8 18. c4 Rb7 19. cxb5 Rxb5 20. Rxc7 Rxb2
21. Rfc1 Rbb8 22. Rd1 g6 23. Rc6 Be7 24. Nd2 d5 25. Ra1 Ra8 26. a4 dxe4 27.
Nxe4 Rd4 28. Nc3 Kg7 29. f3 Bf6 30. Ne4 Raxa4 31. Rxa4 Rxa4 32. Nxf6 Rf4 33.
Ng4 e4 34. fxe4 Rxe4 35. Kf2 Rb4 36. Rc7 Rb5 37. Kf3 h5 38. Ne3 Rb3 39. Kf2 Rb4
40. g4 Rf4+ 41. Ke2 hxg4 42. Nxg4 Re4+ 43. Kf3 Re6 44. Kf4 Re1 45. Kg5 Rh1 46.
Ne5 Rf1 47. h4 Rf5+ 48. Kg4 Rxe5 49. Kf4 Rd5 50. Ke4 Rh5 51. Kf4 Rxh4+ 52. Kg5
Rh5+ 53. Kg4 Rf5 54. Rb7 Kh6 55. Rb6 f6 56. Rc6 Rg5+ 57. Kf4 f5 58. Rf6 Kh5 59.
Kf3 Rg4 60. Rb6 Kg5 61. Rb5 Rf4+ 62. Kg3 Rg4+ 63. Kf3 Kh4 64. Rb2 Kg5 0-1

[Event "DVM U10 2015"]
[Site "Magdeburg GER"]
[Date "2015.12.28"]
[Round "4"]
[White "Meurer, Calvin"]
[Black "Nanu, Andreas-Christian"]
[Result "0-1"]
[Termination "normal"]
[Board "5.4"]
[WhiteElo "1106"]
[BlackElo "1078"]
[WhiteTeam "SV Roter Turm Halle 1"]
[BlackTeam "SG Porz"]
[PlyCount "69"]
[BlackFideId "1240188"]
[EventCountry "GER"]
[EventRounds "7"]
[EventType "team-swiss"]
[EventDate "2015.12.27"]

1. d4 d5 2. c4 e6 3. Nc3 Bb4 4. Bd2 Nf6 5. c5 Nc6 6. Nf3 O-O 7. e3 Bxc3 8. Bxc3
Ne4 9. Qc2 h6 10. Bd3 Nxc3 11. Qxc3 Re8 12. O-O Qf6 13. Bb5 Bd7 14. Bxc6 Bxc6
15. h3 Bb5 16. Rfe1 c6 17. Ne5 Rad8 18. a4 Ba6 19. b3 Qf5 20. f3 f6 21. e4 dxe4
22. fxe4 Qg5 23. Nf3 Qg3 24. Qc2 e5 25. Qf2 Qxf2+ 26. Kxf2 exd4 27. Red1 d3 28.
Ke3 Kf7 29. Ne1 Ke6 30. Nxd3 b6 31. cxb6 axb6 32. Nf4+ Ke5 33. Nd3+ Bxd3 34.
Rxd3 Rxd3+ 35. Kxd3 0-1

[Event "DVM U10 2015"]
[Site "Magdeburg GER"]
[Date "2015.12.28"]
[Round "4"]
[White "Hoffmann, Siegfried"]
[Black "Lox, Nils Norman"]
[Result "0-1"]
[Termination "normal"]
[Board "6.1"]
[WhiteElo "1346"]
[BlackElo "1131"]
[WhiteTeam "USC Magdeburg 1"]
[BlackTeam "SC Eintracht Berlin"]
[PlyCount "76"]
[WhiteFideId "16252268"]
[BlackFideId "16221389"]
[EventCountry "GER"]
[EventRounds "7"]
[EventType "team-swiss"]
[EventDate "2015.12.27"]

1. e4 d5 2. exd5 Qxd5 3. Nc3 Qa5 4. d4 c6 5. Bc4 Qc7 6. Nf3 Bf5 7. h3 Nf6 8.
Be3 e6 9. Qd2 Bd6 10. Bg5 Nbd7 11. Ne2 O-O 12. Bd3 Bxd3 13. Qxd3 Rfe8 14. O-O-O
a5 15. h4 b5 16. h5 a4 17. h6 g6 18. Qe3 Ng4 19. Qd2 Nxf2 20. Ne5 Nxe5 21. dxe5
Bxe5 22. Qd7 Nxd1 23. Rxd1 Qxd7 24. Rxd7 f6 25. Be3 Rac8 26. Nd4 Rc7 27. Rxc7
Bxc7 28. Nxc6 Kf7 29. Nd4 b4 30. Nb5 Be5 31. Bc5 Rb8 32. Nd6+ Bxd6 33. Bxd6 Rb7
34. c3 bxc3 35. bxc3 g5 36. c4 Rd7 37. c5 Kg6 38. Kb2 e5 0-1

[Event "DVM U10 2015"]
[Site "Magdeburg GER"]
[Date "2015.12.28"]
[Round "4"]
[White "Raasch, Hauke"]
[Black "Khanbekyan, Areg"]
[Result "0-1"]
[Termination "normal"]
[Board "6.2"]
[WhiteElo "1171"]
[BlackElo "1154"]
[WhiteTeam "SC Eintracht Berlin"]
[BlackTeam "USC Magdeburg 1"]
[PlyCount "115"]
[WhiteFideId "16210034"]
[BlackFideId "12993727"]
[EventCountry "GER"]
[EventRounds "7"]
[EventType "team-swiss"]
[EventDate "2015.12.27"]

1. d4 Nf6 2. Nf3 e6 3. e3 b6 4. Bd3 Bb7 5. Nbd2 Be7 6. c3 O-O 7. O-O d6 8. Bc2
Nbd7 9. h3 c5 10. Re1 d5 11. Qe2 Rc8 12. Nh2 c4 13. e4 Re8 14. e5 Ne4 15. Nxe4
dxe4 16. Bxe4 Bxe4 17. Qxe4 Nf8 18. Qg4 Ng6 19. Bd2 b5 20. a3 a5 21. Re2 Rb8
22. Be3 b4 23. Qe4 bxc3 24. bxc3 Rb3 25. a4 Rxc3 26. Rc2 Rxc2 27. Qxc2 Qc7 28.
Rc1 Rc8 29. Nf3 c3 30. Ne1 Nf8 31. Nd3 Nd7 32. f3 Qc6 33. Kf1 Nb6 34. Ra1 Nd5
35. Ke2 Qc4 36. Qa2 Nxe3 37. Kxe3 c2 38. Qxc4 Rxc4 39. Kd2 Bg5+ 40. f4 Bh6 41.
g3 g5 42. Kc1 gxf4 43. gxf4 Rxd4 44. Kxc2 Bxf4 45. Kc3 Re4 46. Rg1+ Kf8 47. Rg4
Bxe5+ 48. Nxe5 Rxe5 49. Kd4 Rh5 50. h4 f5 51. Rf4 Kf7 52. Ke5 Ke7 53. Kd4 Kd6
54. Kc4 e5 55. Rf2 Kc6 56. Rh2 Kd6 57. Rh3 e4 58. Kd4 0-1

[Event "DVM U10 2015"]
[Site "Magdeburg GER"]
[Date "2015.12.28"]
[Round "4"]
[White "Pikalow, Michael"]
[Black "Gräbnitz, Marc-Florian"]
[Result "0-1"]
[Termination "normal"]
[Board "6.3"]
[WhiteElo "1185"]
[BlackElo "1153"]
[WhiteTeam "USC Magdeburg 1"]
[BlackTeam "SC Eintracht Berlin"]
[PlyCount "120"]
[WhiteFideId "16227638"]
[BlackFideId "16226992"]
[EventCountry "GER"]
[EventRounds "7"]
[EventType "team-swiss"]
[EventDate "2015.12.27"]

1. e4 e5 2. Nf3 d6 3. Bc4 Be7 4. d4 exd4 5. c3 dxc3 6. Nxc3 Nf6 7. Bf4 Nc6 8.
e5 dxe5 9. Qxd8+ Bxd8 10. Nxe5 Nxe5 11. Bxe5 O-O 12. O-O Re8 13. f4 c6 14. Rfe1
Bf5 15. Re2 Bg4 16. Ree1 Nd7 17. Bd4 Rxe1+ 18. Rxe1 Bb6 19. Bxb6 Nxb6 20. Bd3
g6 21. h3 Be6 22. g4 Rd8 23. Bc2 Rd2 24. Rc1 Nd5 25. Ne4 Re2 26. Kf1 Rxc2 27.
Rb1 Nxf4 28. Rd1 Bxa2 29. Rd8+ Kg7 30. g5 Ne6 31. Rb8 Rxb2 32. h4 f5 33. gxf6+
Kf7 34. Rh8 Nf8 35. Ng5+ Kxf6 36. Rxf8+ Ke5 37. Re8+ Kd5 38. Rd8+ Kc4 39. Nf3
Kc5 40. Ne5 Rb1+ 41. Ke2 Bd5 42. Nd3+ Kb6 43. Rf8 Bc4 44. Rf4 Bxd3+ 45. Kxd3 a6
46. Kc2 Rh1 47. Rb4+ Ka7 48. Kb2 h6 49. Kc2 g5 50. hxg5 hxg5 51. Rg4 Rh2+ 52.
Kc3 Rh3+ 53. Kd2 Rh5 54. Ke3 a5 55. Ra4 Ka6 56. Kd3 b5 57. Ra1 Rh4 58. Rg1 g4
59. Rg3 Rh3 60. Rxh3 gxh3 0-1

[Event "DVM U10 2015"]
[Site "Magdeburg GER"]
[Date "2015.12.28"]
[Round "4"]
[White "Lieger, Lucas"]
[Black "Schiffner, Robin"]
[Result "1/2-1/2"]
[Termination "normal"]
[Board "6.4"]
[WhiteElo "1239"]
[BlackElo "1320"]
[WhiteTeam "SC Eintracht Berlin"]
[BlackTeam "USC Magdeburg 1"]
[PlyCount "64"]
[WhiteFideId "16210026"]
[BlackFideId "16210328"]
[EventCountry "GER"]
[EventRounds "7"]
[EventType "team-swiss"]
[EventDate "2015.12.27"]

1. d4 d5 2. Bf4 Nc6 3. Nf3 Bg4 4. e3 e6 5. Be2 Nf6 6. Ne5 Bxe2 7. Qxe2 Bd6 8.
Bg3 Ne4 9. Nxc6 bxc6 10. Bxd6 cxd6 11. O-O O-O 12. f4 Qh4 13. g3 Qh3 14. Nd2
Qf5 15. Nxe4 Qxe4 16. Qf3 f5 17. Qxe4 fxe4 18. Rac1 Rab8 19. b3 Rf6 20. c4 Rh6
21. cxd5 cxd5 22. Rc6 Rb6 23. Rxb6 axb6 24. Rc1 e5 25. fxe5 dxe5 26. dxe5 Re6
27. Kf2 Rxe5 28. Rc8+ Kf7 29. Rc7+ Kf6 30. Rc6+ Kf5 31. Rc8 Re6 32. Rf8+ Ke5
1/2-1/2

[Event "DVM U10 2015"]
[Site "Magdeburg GER"]
[Date "2015.12.28"]
[Round "4"]
[White "Holz, Leonard"]
[Black "Lutz, Ruben"]
[Result "0-1"]
[Termination "normal"]
[Board "7.1"]
[WhiteElo "1211"]
[BlackElo "1693"]
[WhiteTeam "SK Werther 1949"]
[BlackTeam "USV TU Dresden 1"]
[PlyCount "50"]
[BlackFideId "12975974"]
[EventCountry "GER"]
[EventRounds "7"]
[EventType "team-swiss"]
[EventDate "2015.12.27"]

1. d4 d5 2. Bf4 Nf6 3. e3 Bf5 4. Nd2 e6 5. c3 Be7 6. Ngf3 O-O 7. Ne5 Nbd7 8.
Be2 c6 9. g4 Bg6 10. h4 h6 11. g5 hxg5 12. hxg5 Nh7 13. Ndf3 Be4 14. Bd3 Nxe5
15. dxe5 Nxg5 16. Bxe4 dxe4 17. Qxd8 Nxf3+ 18. Ke2 Rfxd8 19. Rh3 Rd2+ 20. Kf1
Bh4 21. Bg3 Bxg3 22. fxg3 Rad8 23. g4 Rxb2 24. c4 Rdd2 25. Rc1 Rf2# 0-1

[Event "DVM U10 2015"]
[Site "Magdeburg GER"]
[Date "2015.12.28"]
[Round "4"]
[White "Lutz, Adam"]
[Black "Drees, Leon"]
[Result "1-0"]
[Termination "normal"]
[Board "7.2"]
[WhiteElo "1423"]
[BlackElo "1072"]
[WhiteTeam "USV TU Dresden 1"]
[BlackTeam "SK Werther 1949"]
[PlyCount "97"]
[WhiteFideId "16226615"]
[BlackFideId "16299523"]
[EventCountry "GER"]
[EventRounds "7"]
[EventType "team-swiss"]
[EventDate "2015.12.27"]

1. e4 e5 2. Nf3 Nc6 3. Bc4 Nf6 4. d4 exd4 5. e5 Ne4 6. O-O Be7 7. Re1 Ng5 8.
Nxd4 Nxd4 9. Qxd4 O-O 10. Nc3 c6 11. Be3 Ne6 12. Qg4 d5 13. exd6 Bxd6 14. Rad1
b6 15. Qe2 Bb7 16. Ne4 Bxh2+ 17. Kxh2 Qh4+ 18. Kg1 Qxe4 19. Bd3 Qh4 20. Qf3 Ng5
21. Bxg5 Qxg5 22. Qh3 h6 23. Re3 Rad8 24. Qf3 Rd7 25. Bh7+ Kxh7 26. Rxd7 Bc8
27. Rxf7 Rxf7 28. Qxf7 Qg4 29. Rg3 Qd4 30. Qg6+ Kh8 31. Qe8+ Kh7 32. Qxc8 Qd1+
33. Kh2 Qh5+ 34. Qh3 Qe5 35. Qg4 Qc7 36. Qe4+ Kh8 37. Kh3 Qd7+ 38. Qg4 Qc7 39.
Rf3 Qd8 40. Qf5 Kg8 41. Qf8+ Kh7 42. Qf5+ Kg8 43. Qe6+ Kh7 44. Qxc6 Qg5 45.
Qe4+ Kg8 46. Qe6+ Kh8 47. Rf8+ Kh7 48. Qf5+ Qg6 49. Rh8+ 1-0

[Event "DVM U10 2015"]
[Site "Magdeburg GER"]
[Date "2015.12.28"]
[Round "4"]
[White "Deniz, Kevin"]
[Black "Nguyen, Phuong Thao Vivien"]
[Result "0-1"]
[Termination "normal"]
[Board "7.3"]
[WhiteElo "1050"]
[BlackElo "1333"]
[WhiteTeam "SK Werther 1949"]
[BlackTeam "USV TU Dresden 1"]
[PlyCount "60"]
[WhiteFideId "34620346"]
[BlackFideId "16210735"]
[EventCountry "GER"]
[EventRounds "7"]
[EventType "team-swiss"]
[EventDate "2015.12.27"]

1. e4 c5 2. Nf3 d6 3. Bc4 Nf6 4. d3 g6 5. b3 Bg7 6. Bb2 O-O 7. Nc3 Nc6 8. h3
Bd7 9. Ne2 Rb8 10. Bb5 a6 11. Bxc6 Bxc6 12. Ng3 b5 13. e5 Nd7 14. d4 cxd4 15.
Bxd4 Bxf3 16. Qxf3 Nxe5 17. Qc3 Rc8 18. Qb2 Qd7 19. O-O Rc6 20. f4 Rfc8 21. Rf2
Nf3+ 22. gxf3 Qxh3 23. Rg2 Bxd4+ 24. Qxd4 Rxc2 25. Rxc2 Rxc2 26. Qf2 Rxf2 27.
Kxf2 Qh2+ 28. Ke3 Qxg3 29. Rc1 Qg2 30. b4 Qxa2 0-1

[Event "DVM U10 2015"]
[Site "Magdeburg GER"]
[Date "2015.12.28"]
[Round "4"]
[White "Günther, Fabian"]
[Black "Fiebig, Kai"]
[Result "1-0"]
[Termination "normal"]
[Board "7.4"]
[WhiteElo "1124"]
[BlackElo "1005"]
[WhiteTeam "USV TU Dresden 1"]
[BlackTeam "SK Werther 1949"]
[PlyCount "71"]
[WhiteFideId "16240294"]
[EventCountry "GER"]
[EventRounds "7"]
[EventType "team-swiss"]
[EventDate "2015.12.27"]

1. d4 d5 2. c4 Nf6 3. Nc3 e6 4. e3 Bb4 5. a3 Bd6 6. Nf3 Nc6 7. Bd2 Bd7 8. Qb3
Na5 9. Qa2 dxc4 10. Bxc4 Nxc4 11. Qxc4 O-O 12. Qb3 Bc6 13. Qd1 a5 14. O-O Ra6
15. Na4 Qe8 16. Nc5 Bxc5 17. dxc5 Qd8 18. b4 axb4 19. Bxb4 Ba4 20. Qc1 Bb5 21.
Rd1 Nd5 22. e4 Be2 23. Rd2 Bxf3 24. exd5 Bxd5 25. c6 Qg5 26. f3 Bxf3 27. Bxf8
Kxf8 28. Rf2 Bxc6 29. Qxg5 h6 30. Qf4 f5 31. Qxc7 Ra7 32. Rd1 Bd5 33. Rfd2 Ra5
34. Qxa5 Bb3 35. Qc7 Bxd1 36. Rd8# 1-0

[Event "DVM U10 2015"]
[Site "Magdeburg GER"]
[Date "2015.12.28"]
[Round "4"]
[White "Zores, Kai"]
[Black "Hetzner, Hannes"]
[Result "0-1"]
[Termination "normal"]
[Board "8.1"]
[WhiteElo "1053"]
[BlackElo "1319"]
[WhiteTeam "Hamburger SK von 1830 3"]
[BlackTeam "SC Erlangen 48/88"]
[PlyCount "38"]
[BlackFideId "16211936"]
[EventCountry "GER"]
[EventRounds "7"]
[EventType "team-swiss"]
[EventDate "2015.12.27"]

1. e4 e6 2. Nc3 d5 3. d3 c5 4. Nf3 Nc6 5. g3 d4 6. Ne2 Bd6 7. Bg2 Nge7 8. Bf4
O-O 9. O-O Ng6 10. Qd2 Nxf4 11. Nxf4 Bxf4 12. Qxf4 f6 13. Qh4 e5 14. Rfe1 Nb4
15. Re2 Be6 16. a3 Qa5 17. Bh3 Bxh3 18. Qxh3 Nc6 19. Rae1 (19. Ree1 Ne7 20.
Qe6+ Rf7 21. g4 Qb6 22. Qxb6 axb6 23. g5 Raf8 24. Rf1 Ng6 25. a4 Nf4 26. Rae1
Nh3+ 27. Kg2 Nxg5 28. Nxg5 fxg5 29. Ra1 Ra8 30. b3 Rf6 31. Rfc1 Kf7 32. c3 dxc3
33. Rxc3 Rd6 34. Kg3 Rad8 35. a5 Rxd3+ 36. Rxd3 Rxd3+ 37. Kg2 Rxb3 38. a6 bxa6
39. Rxa6 c4 40. Ra7+ Ke6 41. Ra2 Kd6 42. Rd2+ Rd3 43. Rc2 Kc5 44. Kf1 b5 45.
Ke2 Rd6 46. Rd2 Rxd2+ 47. Kxd2 Kd4 48. f3 b4 49. Kc2 Ke3 50. f4 gxf4 51. h4 f3
52. h5 f2 53. h6 gxh6 54. Kb2 f1=Q 55. Kc2 Qe2+ 56. Kb1 Kd3 57. Kc1 Qc2#) 19...
Qxe1+ 0-1

[Event "DVM U10 2015"]
[Site "Magdeburg GER"]
[Date "2015.12.28"]
[Round "4"]
[White "Högner, Tom"]
[Black "Freitag, Gerrit"]
[Result "1-0"]
[Termination "normal"]
[Board "8.2"]
[WhiteElo "1258"]
[BlackElo "898"]
[WhiteTeam "SC Erlangen 48/88"]
[BlackTeam "Hamburger SK von 1830 3"]
[PlyCount "30"]
[WhiteFideId "12995436"]
[BlackFideId "34650148"]
[EventCountry "GER"]
[EventRounds "7"]
[EventType "team-swiss"]
[EventDate "2015.12.27"]

1. e4 e5 2. Nf3 Nc6 3. d4 exd4 4. Nxd4 Bc5 5. Be3 Nxd4 6. Bxd4 Bxd4 7. Qxd4 Nf6
8. e5 Ng8 9. e6 Qf6 10. Qxf6 Nxf6 11. exf7+ Kxf7 12. Nc3 Re8+ 13. Be2 d6 14.
O-O-O Bf5 15. Bf3 Rab8 {Rest nicht nachvollziehbar} 1-0

[Event "DVM U10 2015"]
[Site "Magdeburg GER"]
[Date "2015.12.28"]
[Round "4"]
[White "Mandelkow, Elias"]
[Black "Wu, Wilfried"]
[Result "1/2-1/2"]
[Termination "normal"]
[Board "8.3"]
[WhiteElo "959"]
[BlackElo "1011"]
[WhiteTeam "Hamburger SK von 1830 3"]
[BlackTeam "SC Erlangen 48/88"]
[PlyCount "25"]
[WhiteFideId "16233239"]
[BlackFideId "16260775"]
[EventCountry "GER"]
[EventRounds "7"]
[EventType "team-swiss"]
[EventDate "2015.12.27"]

1. d4 d5 2. c4 dxc4 3. Nc3 Nc6 4. Nf3 Nf6 5. Bf4 Bf5 6. e3 Nb4 7. Qa4+ Nc6 8.
d5 Nxd5 9. Rd1 e6 10. Bxc4 Qd7 11. Nxd5 exd5 12. Bxd5 Bb4+ 13. Nd2 {nicht
weiter nachvollziehbar} 1/2-1/2

[Event "DVM U10 2015"]
[Site "Magdeburg GER"]
[Date "2015.12.28"]
[Round "4"]
[White "Strobel, Luis"]
[Black "Kort, Felix"]
[Result "1-0"]
[Termination "normal"]
[Board "8.4"]
[WhiteElo "875"]
[BlackElo "968"]
[WhiteTeam "SC Erlangen 48/88"]
[BlackTeam "Hamburger SK von 1830 3"]
[PlyCount "69"]
[BlackFideId "16220129"]
[EventCountry "GER"]
[EventRounds "7"]
[EventType "team-swiss"]
[EventDate "2015.12.27"]

1. e4 e5 2. Nf3 Nc6 3. Nc3 Nf6 4. Bb5 d6 5. d3 Be6 6. Bg5 h6 7. Bh4 Be7 8. O-O
d5 9. exd5 Nxd5 10. Bxc6+ bxc6 11. Nxd5 cxd5 12. Bxe7 Qxe7 13. Nxe5 Qf6 14. Nc6
Qg6 15. Re1 O-O 16. Ne7+ Kh8 17. Nxg6+ fxg6 18. Rxe6 g5 19. h3 Rf7 20. c4 d4
21. b4 Raf8 22. Re2 Kh7 23. Qa4 c6 24. Qxc6 Rf6 25. Qe4+ g6 26. Qxd4 R6f7 27.
a4 h5 28. a5 a6 29. b5 axb5 30. cxb5 Kh6 31. a6 h4 32. a7 Kh5 33. a8=Q Rf4 34.
Qxf4 Rxf4 35. Qh8# 1-0

[Event "DVM U10 2015"]
[Site "Magdeburg GER"]
[Date "2015.12.28"]
[Round "4"]
[White "Bungarten, Jona"]
[Black "Costa, Leonardo"]
[Result "0-1"]
[Termination "normal"]
[Board "9.1"]
[WhiteElo "1148"]
[BlackElo "1584"]
[WhiteTeam "SF Brackel 1930"]
[BlackTeam "SK München Südost"]
[PlyCount "38"]
[WhiteFideId "16223608"]
[BlackFideId "16213955"]
[EventCountry "GER"]
[EventRounds "7"]
[EventType "team-swiss"]
[EventDate "2015.12.27"]

1. e4 e5 2. Nf3 Nc6 3. Bc4 Bc5 4. b4 Bxb4 5. c3 Ba5 6. Qb3 Qe7 7. d3 d6 8. Bg5
Nf6 9. Nbd2 Bb6 10. Bb5 Rb8 11. a4 O-O 12. h4 Be6 13. c4 Na5 14. Qc2 a6 15. h5
h6 16. c5 Bxc5 17. Bc4 hxg5 18. Nxg5 Bxf2+ 19. Kd1 Ng4 0-1

[Event "DVM U10 2015"]
[Site "Magdeburg GER"]
[Date "2015.12.28"]
[Round "4"]
[White "Klonov, Jakov"]
[Black "Zabudkin, David"]
[Result "1-0"]
[Termination "normal"]
[Board "9.2"]
[WhiteElo "1133"]
[BlackElo "947"]
[WhiteTeam "SK München Südost"]
[BlackTeam "SF Brackel 1930"]
[PlyCount "34"]
[WhiteFideId "16211928"]
[BlackFideId "34605975"]
[EventCountry "GER"]
[EventRounds "7"]
[EventType "team-swiss"]
[EventDate "2015.12.27"]

1. e4 e5 2. Nf3 Nc6 3. Bc4 Nd4 4. c3 Nxf3+ 5. Qxf3 Nf6 6. d4 exd4 7. cxd4 Bb4+
8. Nc3 Bxc3+ 9. bxc3 O-O 10. Bg5 d5 11. Bxf6 Qxf6 12. Qxf6 gxf6 13. Bxd5 Re8
14. f3 f5 15. O-O fxe4 16. fxe4 c6 17. Rfe1 Bd7 {Rest nicht nachvollziehbar}
1-0

[Event "DVM U10 2015"]
[Site "Magdeburg GER"]
[Date "2015.12.28"]
[Round "4"]
[White "Huber, Jakob"]
[Black "Deitsche, Alexej"]
[Result "0-1"]
[Termination "normal"]
[Board "9.4"]
[WhiteElo "851"]
[BlackElo "800"]
[WhiteTeam "SK München Südost"]
[BlackTeam "SF Brackel 1930"]
[PlyCount "46"]
[WhiteFideId "16226070"]
[BlackFideId "34634053"]
[EventCountry "GER"]
[EventRounds "7"]
[EventType "team-swiss"]
[EventDate "2015.12.27"]

1. d4 b6 2. Bf4 g6 3. Nc3 Bg7 4. Nb5 Na6 5. e3 Bb7 6. Nf3 c6 7. Nc3 Bh6 8. Bxh6
Nxh6 9. Bd3 O-O 10. O-O c5 11. dxc5 bxc5 12. Qd2 Bxf3 13. gxf3 Qc7 14. f4 e5
15. fxe5 Qxe5 16. Be4 Ng4 17. f4 Qh5 18. Bxa8 Rxa8 19. Ne4 Rd8 20. c3 Nb8 21.
a3 d6 22. b4 d5 23. Nf2 Qxh2# 0-1

[Event "DVM U10 2015"]
[Site "Magdeburg GER"]
[Date "2015.12.28"]
[Round "4"]
[White "Dornheim, Carl Friedrich"]
[Black "Rosenhain, Jonathan"]
[Result "0-1"]
[Termination "normal"]
[Board "10.1"]
[WhiteElo "985"]
[BlackElo "1222"]
[WhiteTeam "Schachzwerge Magdeburg 2"]
[BlackTeam "Schachpinguine Berlin 2"]
[PlyCount "42"]
[WhiteFideId "16252314"]
[BlackFideId "16212169"]
[EventCountry "GER"]
[EventRounds "7"]
[EventType "team-swiss"]
[EventDate "2015.12.27"]

1. e4 e5 2. Nf3 Nc6 3. d4 exd4 4. Nxd4 Bc5 5. Be3 Bb4+ 6. Nc3 Nf6 7. Bg5 h6 8.
Bxf6 Qxf6 9. Nxc6 Bxc3+ 10. bxc3 Qxc3+ 11. Ke2 Qxc6 12. Qd3 O-O 13. g3 Re8 14.
Bg2 d5 15. f3 Be6 16. Rhd1 dxe4 17. Qxe4 Bc4+ 18. Kf2 Rxe4 19. fxe4 Re8 20. Rd2
Qc5+ 21. Rd4 Qxd4+ 0-1

[Event "DVM U10 2015"]
[Site "Magdeburg GER"]
[Date "2015.12.28"]
[Round "4"]
[White "Morczynski, Joachim"]
[Black "Weber, Willi"]
[Result "1-0"]
[Termination "normal"]
[Board "10.2"]
[WhiteElo "1205"]
[BlackElo "905"]
[WhiteTeam "Schachpinguine Berlin 2"]
[BlackTeam "Schachzwerge Magdeburg 2"]
[PlyCount "85"]
[WhiteFideId "16209745"]
[EventCountry "GER"]
[EventRounds "7"]
[EventType "team-swiss"]
[EventDate "2015.12.27"]

1. e4 e5 2. Nc3 Nf6 3. Nf3 Nc6 4. d4 Bb4 5. dxe5 Nxe4 6. Bd2 Nxd2 7. Qxd2 d6 8.
O-O-O O-O 9. a3 Bxc3 10. Qxc3 Bg4 11. exd6 cxd6 12. Qd3 Bxf3 13. gxf3 Qg5+ 14.
Kb1 Rad8 15. Qb5 Qxb5 16. Bxb5 a6 17. Ba4 b5 18. Bb3 a5 19. Rd2 b4 20. axb4
axb4 21. Rhd1 Ne5 22. f4 Nf3 23. Rxd6 Rxd6 24. Rxd6 Nxh2 25. Rb6 Ng4 26. Rxb4
Nxf2 27. c4 Nd3 28. Rb5 Nxf4 29. c5 Ne6 30. Bxe6 fxe6 31. c6 Rf1+ 32. Kc2 Rf2+
33. Kb3 Rf3+ 34. Ka4 Rf4+ 35. b4 Rf5 36. Rxf5 exf5 37. c7 g6 38. c8=Q+ Kg7 39.
Qxf5 h6 40. b5 gxf5 41. b6 f4 42. b7 f3 43. b8=Q 1-0

[Event "DVM U10 2015"]
[Site "Magdeburg GER"]
[Date "2015.12.28"]
[Round "4"]
[White "Currenti, Gianluca"]
[Black "Gorodezki, Andrey"]
[Result "1-0"]
[Termination "normal"]
[Board "10.3"]
[WhiteElo "819"]
[BlackElo "1075"]
[WhiteTeam "Schachzwerge Magdeburg 2"]
[BlackTeam "Schachpinguine Berlin 2"]
[PlyCount "43"]
[EventCountry "GER"]
[EventRounds "7"]
[EventType "team-swiss"]
[EventDate "2015.12.27"]

1. e4 e5 2. Nf3 Nc6 3. Bc4 Nf6 4. Ng5 d5 5. exd5 b5 6. Bb3 Nxd5 7. Nxf7 Kxf7 8.
Qf3+ Ke6 9. Nc3 Nd4 10. Bxd5+ Kd7 11. Qf7+ Be7 12. Bxa8 Nxc2+ 13. Kf1 Nxa1 14.
Bc6+ Kxc6 15. Qf3+ Kb6 16. Nd5+ Kb7 17. Nxe7+ Kb6 18. Qc6+ Ka5 19. Qc5 Qd3+ 20.
Kg1 Qe2 21. Nc6+ Ka4 22. Qb4# 1-0

[Event "DVM U10 2015"]
[Site "Magdeburg GER"]
[Date "2015.12.28"]
[Round "4"]
[White "Duduka, Artem"]
[Black "Danielsen, Asger"]
[Result "1-0"]
[Termination "normal"]
[Board "11.1"]
[WhiteElo "1113"]
[BlackElo "875"]
[WhiteTeam "Sfr.Nord-Ost Berlin 1"]
[BlackTeam "SchachAkademiePaderborn 2"]
[PlyCount "23"]
[WhiteFideId "14194805"]
[EventCountry "GER"]
[EventRounds "7"]
[EventType "team-swiss"]
[EventDate "2015.12.27"]

1. e4 e6 2. d4 d5 3. e5 c5 4. c3 Qb6 5. Nf3 Nc6 6. g3 Nge7 7. Bh3 g6 8. O-O Bg7
9. b3 Bd7 10. Bg5 Nf5 11. Bxf5 exf5 12. Re1 {Rest nicht nachvollziehbar} 1-0